La problemática aplicación judicial de la expulsión del extranjero residente de larga duración (Registro nro. 45110)
[ vista simple ]
| 000 -CABECERA | |
|---|---|
| Longitud fija campo de control | 01015naa a2200265 4500 |
| 001 - NÚMERO DE CONTROL | |
| Número de control | 45110 |
| 003 - IDENTIFICADOR DE NÚMERO DE CONTROL | |
| Identificador del número de control | ES-MaCES |
| 005 - FECHA Y HORA DE LA ÚLTIMA TRANSACCIÓN | |
| Fecha y hora de la última transacción | 20150309132040.0 |
| 008 - CAMPO FIJO DE DESCRIPCIÓN FIJA--INFORMACIÓN GENERAL | |
| Códigos de información de longitud fija | 000000s2014 sp ||||| t||||||| ||spa d |
| 040 ## - FUENTE DE CATALOGACIÓN | |
| Centro catalogador de origen | ES-MaCES |
| Lengua de catalogación | spa |
| Centro transcriptor | ES-MaCES |
| 100 1# - ENCABEZAMIENTO PRINCIPAL--NOMBRE PERSONAL | |
| 9 (RLIN) | 24980 |
| Nombre de persona | Tolosa Tribiño, César |
| 245 13 - MENCIÓN DE TÍTULO | |
| Título | La problemática aplicación judicial de la expulsión del extranjero residente de larga duración |
| Mención de responsabilidad, etc. | César Tolosa Tribiño |
| 500 ## - NOTA GENERAL | |
| Nota general | Resumen |
| 650 #4 - ASIENTO SECUNDARIO DE MATERIA--TÉRMINO DE MATERIA | |
| 9 (RLIN) | 28630 |
| Término de materia o nombre geográfico como elemento inicial | extranjero |
| 650 #4 - ASIENTO SECUNDARIO DE MATERIA--TÉRMINO DE MATERIA | |
| 9 (RLIN) | 29187 |
| Término de materia o nombre geográfico como elemento inicial | retorno de los migrantes |
| 650 #4 - ASIENTO SECUNDARIO DE MATERIA--TÉRMINO DE MATERIA | |
| 9 (RLIN) | 27172 |
| Término de materia o nombre geográfico como elemento inicial | situación jurídica |
| 650 #4 - ASIENTO SECUNDARIO DE MATERIA--TÉRMINO DE MATERIA | |
| 9 (RLIN) | 30100 |
| Término de materia o nombre geográfico como elemento inicial | derechos civiles |
| 650 #4 - ASIENTO SECUNDARIO DE MATERIA--TÉRMINO DE MATERIA | |
| 9 (RLIN) | 29866 |
| Término de materia o nombre geográfico como elemento inicial | derecho comunitario |
| 650 #4 - ASIENTO SECUNDARIO DE MATERIA--TÉRMINO DE MATERIA | |
| 9 (RLIN) | 29917 |
| Término de materia o nombre geográfico como elemento inicial | fuentes del Derecho |
| 650 #4 - ASIENTO SECUNDARIO DE MATERIA--TÉRMINO DE MATERIA | |
| 9 (RLIN) | 29859 |
| Término de materia o nombre geográfico como elemento inicial | aplicación |
| 653 10 - TÉRMINO DE INDEXACIÓN--NO CONTROLADO | |
| Término no controlado | Jurisprudencia |
| 773 0# - ENTRADA DE DOCUMENTO FUENTE | |
| Itemnumber del ítem fuente | 81594 |
| Lugar, editor y fecha de publicación | Valladolid Lex Nova |
| Otro identificador del documento | 084500 |
| Título | Revista de derecho migratorio y extranjería |
| Número de control del registro relacionado | (ES-MaCES)26041 |
| Parte(s) relacionada(s) | año 12, n. 35 (1er. cuatrim. 2014) {55/1090 R. 084500} ;p. 43-65 |
| 902 ## - CES. TIPO DE DOCUMENTO | |
| Tipodoc (006$c Sirtex) | ART Artículo de revista |
| 942 ## - ELEMENTOS KOHA | |
| Fuente de clasificaión o esquema | Clasificación propia del CES |
| Koha [por defecto] tipo de item | Artículos (1982-2017) |
| Parte de clasificación | Jurisprudencia |
No hay ítems disponibles.
